42 obras de Joan Miró = 42 works by Joan Miró the property of Doña Pilar Miró, to be sold for the benefit of the Ilar and Joan Miro Foundation, Palma de Mallorca (Record no. 10354)

MARC details
000 - LÍDER
campo de control de longitud fija 00849nam a2200181Ia 4500
008 - ELEMENTOS DE DATOS DE LONGITUD FIJA - INFORMACIÓN GENERAL
campo de control de longitud fija 0000001986 sp ad 0000000000spa00
090 ## - NÚMERO DE LLAMADA DE TIPO LC LOCALMENTE ASIGNADO (OCLC)
Número de clasificación (OCLC) (R) PSP29 S67md
245 10 - TÍTULO DECLARACIÓN
Título 42 obras de Joan Miró = 42 works by Joan Miró the property of Doña Pilar Miró, to be sold for the benefit of the Ilar and Joan Miro Foundation, Palma de Mallorca
Declaración de responsabilidad / Sotheby's
260 ## - PUBLICACIÓN, DISTRIBUCIÓN
Lugar de publicación Madrid : Sotheby's
Fecha de publicación 1986
300 ## - DESCRIPCIÓN FÍSICA
Alcance [70] p.
Dimensiones / 27 cm.
500 ## - NOTA GENERAL
Nota general Subasta realizada en Sotheby's, Madrid, diciembre 9 de 1986 a las 8:00 pm \ Registro auspiciado por la FGAA. Bogotá
600 00 - ENTRADA DE SUJETO AÑADIDO - NOMBRE PERSONAL
Nombre de la persona MIRO, JOAN, 18931983/
Subdivisión general TRABAJOS PICTORICOS
650 14 - ENTRADA DE SUJETO AÑADIDO - TÉRMINO TÓPICO
Término tópico o elemento de entrada del nombre geográfico ARTE CONTEMPORANEO ESPAÑOL SUBASTAS
650 14 - ENTRADA DE SUJETO AÑADIDO - TÉRMINO TÓPICO
Término tópico o elemento de entrada del nombre geográfico ARTISTAS PLASTICOS ESPAÑOLES SUBASTAS
650 14 - ENTRADA DE SUJETO AÑADIDO - TÉRMINO TÓPICO
Subdivisión general CATALOGOS
650 14 - ENTRADA DE SUJETO AÑADIDO - TÉRMINO TÓPICO
Término tópico o elemento de entrada del nombre geográfico PINTORES ESPAÑOLES SUBASTAS
650 14 - ENTRADA DE SUJETO AÑADIDO - TÉRMINO TÓPICO
Término tópico o elemento de entrada del nombre geográfico PINTURA ESPAÑOLA SUBASTAS
Holdings
Estado de retirada Pérdida de estatus Estado dañado No para préstamo Código de recogida Ubicación permanente Ubicación actual Ubicación de las estanterías Fecha de adquisición Número de llamada completo Código de barras Fecha de la última vez que se vio Número de copia Precio efectivo desde Tipo de artículo Koha
        General ArtNexus ArtNexus General 06/09/2022 P-SP-29 S67MD 10448 06/09/2022 Ej.1 06/09/2022 Libro

Powered by Koha